书目信息 |
| 题名: |
刑事诉讼法习题集
|
|
| 作者: | 陈光中 主编 | |
| 分册: | ||
| 出版信息: | 北京 法律出版社 2007.07 |
|
| 页数: | 205页 | |
| 开本: | 26cm | |
| 丛书名: | ||
| 单 册: | ||
| 中图分类: | D925.204 | |
| 科图分类: | ||
| 主题词: | 刑事诉讼法--xing shi su song fa--高等学校--中国--习题 | |
| 电子资源: | ||
| ISBN: | 978-7-5036-7464-8 | |
| 000 | 00851nam0 2200241 450 | |
| 001 | 0754543265 | |
| 005 | 20080918092902.46 | |
| 010 | @a978-7-5036-7464-8@dCNY20.00 | |
| 100 | @a20070815d2007 km y0chiy0120 ea | |
| 101 | 0 | @achi |
| 102 | @aCN@b110000 | |
| 105 | @ay z 000yy | |
| 200 | 1 | @a刑事诉讼法习题集@Axing shi su song fa xi ti ji@f主编陈光中 |
| 210 | @a北京@c法律出版社@d2007.07 | |
| 215 | @a205页@d26cm | |
| 300 | @a高校法学专业核心课程配套自测 | |
| 330 | @a本书结合应试需要,根据刑事诉讼法学的特点,以单项选择题、多项选择题、名词解释、简答题等多种形式,对有关刑事诉讼法的基本概念、基本理论与基本制度等进行了解答。 | |
| 606 | 0 | @a刑事诉讼法@Axing shi su song fa@x高等学校@y中国@j习题 |
| 690 | @aD925.204@v4 | |
| 701 | 0 | @a陈光中@Achen guang zhong@4主编 |
| 801 | 0 | @aCN@bLR@c20080918 |
| 905 | @aZUCC@dD925.204@eC420 | |
| 999 | @aLYX | |
| 刑事诉讼法习题集/主编陈光中.-北京:法律出版社,2007.07 |
| 205页;26cm |
| 高校法学专业核心课程配套自测 |
| ISBN 978-7-5036-7464-8:CNY20.00 |
| 本书结合应试需要,根据刑事诉讼法学的特点,以单项选择题、多项选择题、名词解释、简答题等多种形式,对有关刑事诉讼法的基本概念、基本理论与基本制度等进行了解答。 |
| ● |
| 相关链接 |
|
|
|
正题名:刑事诉讼法习题集
索取号:D925.204/C420
 
预约/预借
| 序号 | 登录号 | 条形码 | 馆藏地/架位号 | 状态 | 备注 |
| 1 | 678219 | 206782196 | 社科库509/509社科库 101排2列5层/ [索取号:D925.204/C420] | 在馆 | |
| 2 | 678220 | 206782203 | 社科库509/509社科库 101排2列5层/ [索取号:D925.204/C420] | 在馆 | |
| 3 | 678221 | 206782212 | 社科库509/509社科库 101排2列5层/ [索取号:D925.204/C420] | 在馆 |